Načítá se...
Dairy cattle and milk production
| Hlavní autoři: | , |
|---|---|
| Médium: | Printed Book |
| Jazyk: | Undetermined |
| Vydáno: |
Newyork
1956
The macmillan company |
| Vydání: | 5th |
| LEADER | 00688nam a2200241Ia 4500 | ||
|---|---|---|---|
| 008 | 141122s9999 xx 000 0 und d | ||
| 040 | |c . | ||
| 041 | |a English | ||
| 082 | |a 636.214 2 | ||
| 082 | |b ECK/DA | ||
| 100 | |a Clarence H Eckles | ||
| 100 | |a Ernest Anthony | ||
| 245 | |a Dairy cattle and milk production | ||
| 245 | |c Clarence H Eckles | ||
| 250 | |a 5th | ||
| 260 | |b Newyork | ||
| 260 | |b The macmillan company | ||
| 260 | |c 1956 | ||
| 300 | |a 586 Pages | ||
| 500 | |a Damaged | ||
| 942 | |c BK | ||
| 999 | |c 10836 |d 10836 | ||
| 952 | |0 0 |1 0 |2 ddc |4 1 |6 636_214000000000000_2_ECKDA |7 0 |9 10741 |a COVAS |b COVAS |d 0000-00-00 |o 636.214 2 ECK/DA |p 1064 |r 2014-11-26 |w 2014-11-26 |y BK | ||